<?xml version="1.0" encoding="UTF-8"?>
<record
    xmlns:xsi="http://www.w3.org/2001/XMLSchema-instance"
    xsi:schemaLocation="http://www.loc.gov/MARC21/slim http://www.loc.gov/standards/marcxml/schema/MARC21slim.xsd"
    xmlns="http://www.loc.gov/MARC21/slim">

  <leader>01386nam2a2200253   4500</leader>
  <controlfield tag="001">rc\2910657</controlfield>
  <controlfield tag="005">20260315054208.0</controlfield>
  <datafield tag="035" ind1=" " ind2=" ">
    <subfield code="a">(NLR Aleph) 007061394</subfield>
  </datafield>
  <datafield tag="090" ind1=" " ind2=" ">
    <subfield code="a">13593106</subfield>
    <subfield code="c">13593106</subfield>
  </datafield>
  <datafield tag="100" ind1=" " ind2=" ">
    <subfield code="a">20110806d1939    u  y0rusy50      ca</subfield>
  </datafield>
  <datafield tag="101" ind1="0" ind2=" ">
    <subfield code="a">rus</subfield>
  </datafield>
  <datafield tag="102" ind1=" " ind2=" ">
    <subfield code="a">RU</subfield>
  </datafield>
  <datafield tag="105" ind1=" " ind2=" ">
    <subfield code="a">ab  z   |||||</subfield>
  </datafield>
  <datafield tag="200" ind1="0" ind2=" ">
    <subfield code="a">&#x412;&#x44B;&#x43F;. 3</subfield>
    <subfield code="f">&#x43F;&#x440;&#x43E;&#x444;. &#x410;. &#x414;&#x443;&#x431;&#x44F;&#x43D;&#x441;&#x43A;&#x438;&#x439; &#x438; &#x410;. &#x421;&#x43A;&#x43E;&#x440;&#x43A;&#x438;&#x43D;</subfield>
  </datafield>
  <datafield tag="210" ind1=" " ind2=" ">
    <subfield code="d">1939</subfield>
  </datafield>
  <datafield tag="215" ind1=" " ind2=" ">
    <subfield code="a">16 &#x441;., 16 &#x432;&#x43A;&#x43B;. &#x43B;. &#x43A;&#x430;&#x440;&#x442;. &#x438; &#x441;&#x445;&#x435;&#x43C;.</subfield>
    <subfield code="c">&#x43A;&#x430;&#x440;&#x442;., &#x441;&#x445;&#x435;&#x43C;.</subfield>
  </datafield>
  <datafield tag="461" ind1=" " ind2="0">
    <subfield code="1">001rc\2910654</subfield>
    <subfield code="1">2000#$a&#x413;&#x435;&#x43E;&#x43B;&#x43E;&#x433;&#x438;&#x44F; &#x438; &#x43F;&#x43E;&#x434;&#x437;&#x435;&#x43C;&#x43D;&#x44B;&#x435; &#x432;&#x43E;&#x434;&#x44B; &#x441;&#x435;&#x432;&#x435;&#x440;&#x43D;&#x43E;&#x439; &#x447;&#x430;&#x441;&#x442;&#x438; &#x412;&#x43E;&#x440;&#x43E;&#x43D;&#x435;&#x436;&#x441;&#x43A;&#x43E;&#x439; &#x43E;&#x431;&#x43B;&#x430;&#x441;&#x442;&#x438;$e&#x412;&#x44B;&#x43F;. 1-$f&#x43F;&#x440;&#x43E;&#x444;. &#x410;. &#x414;&#x443;&#x431;&#x44F;&#x43D;&#x441;&#x43A;&#x438;&#x439;$g&#x412;&#x43E;&#x440;&#x43E;&#x43D;&#x435;&#x436;. &#x441;.-&#x445;. &#x438;&#x43D;-&#x442; &#x438; &#x412;&#x43E;&#x440;&#x43E;&#x43D;&#x435;&#x436;. &#x43E;&#x431;&#x43B;. &#x437;&#x435;&#x43C;&#x435;&#x43B;. &#x43E;&#x442;&#x434;.$v&#x412;&#x44B;&#x43F;. 3</subfield>
    <subfield code="1">700#1$a&#x414;&#x443;&#x431;&#x44F;&#x43D;&#x441;&#x43A;&#x438;&#x439;$b&#x410;.&#x410;.$g&#x410;&#x43B;&#x435;&#x43A;&#x441;&#x430;&#x43D;&#x434;&#x440; &#x410;&#x43D;&#x434;&#x440;&#x435;&#x435;&#x432;&#x438;&#x447;$f1880-</subfield>
    <subfield code="9">6288934</subfield>
    <subfield code="a">&#x414;&#x443;&#x431;&#x44F;&#x43D;&#x441;&#x43A;&#x438;&#x439;, &#x410;.&#x410;. (1880-)</subfield>
    <subfield code="c">[&#x412;&#x43E;&#x440;&#x43E;&#x43D;&#x435;&#x436;]</subfield>
    <subfield code="d">1939</subfield>
    <subfield code="f">&#x43F;&#x440;&#x43E;&#x444;. &#x410;. &#x414;&#x443;&#x431;&#x44F;&#x43D;&#x441;&#x43A;&#x438;&#x439;</subfield>
    <subfield code="n">&#x412;&#x43E;&#x440;&#x43E;&#x43D;&#x435;&#x436;. &#x43E;&#x431;&#x43B;. &#x43A;&#x43D;&#x438;&#x433;&#x43E;&#x438;&#x437;&#x434;-&#x432;&#x43E;</subfield>
    <subfield code="o">&#x412;&#x44B;&#x43F;. 1-</subfield>
    <subfield code="t">&#x413;&#x435;&#x43E;&#x43B;&#x43E;&#x433;&#x438;&#x44F; &#x438; &#x43F;&#x43E;&#x434;&#x437;&#x435;&#x43C;&#x43D;&#x44B;&#x435; &#x432;&#x43E;&#x434;&#x44B; &#x441;&#x435;&#x432;&#x435;&#x440;&#x43D;&#x43E;&#x439; &#x447;&#x430;&#x441;&#x442;&#x438; &#x412;&#x43E;&#x440;&#x43E;&#x43D;&#x435;&#x436;&#x441;&#x43A;&#x43E;&#x439; &#x43E;&#x431;&#x43B;&#x430;&#x441;&#x442;&#x438;</subfield>
    <subfield code="v">&#x412;&#x44B;&#x43F;. 3</subfield>
  </datafield>
  <datafield tag="700" ind1=" " ind2="1">
    <subfield code="a">&#x414;&#x443;&#x431;&#x44F;&#x43D;&#x441;&#x43A;&#x438;&#x439;</subfield>
    <subfield code="b">&#x410;.&#x410;.</subfield>
    <subfield code="f">1880-</subfield>
    <subfield code="g">&#x410;&#x43B;&#x435;&#x43A;&#x441;&#x430;&#x43D;&#x434;&#x440; &#x410;&#x43D;&#x434;&#x440;&#x435;&#x435;&#x432;&#x438;&#x447;</subfield>
  </datafield>
  <datafield tag="701" ind1=" " ind2="1">
    <subfield code="a">&#x421;&#x43A;&#x43E;&#x440;&#x43A;&#x438;&#x43D;</subfield>
    <subfield code="b">&#x410;.</subfield>
  </datafield>
  <datafield tag="801" ind1=" " ind2="0">
    <subfield code="a">RU</subfield>
    <subfield code="b">NLR</subfield>
    <subfield code="g">psbo</subfield>
  </datafield>
  <datafield tag="801" ind1=" " ind2="1">
    <subfield code="a">RU</subfield>
    <subfield code="b">ELAR</subfield>
    <subfield code="2">rusmarc</subfield>
  </datafield>
  <datafield tag="852" ind1=" " ind2=" ">
    <subfield code="a">NLR</subfield>
    <subfield code="j">39-19/126(3)</subfield>
  </datafield>
  <datafield tag="942" ind1=" " ind2=" ">
    <subfield code="c">UNSPEC</subfield>
  </datafield>
  <datafield tag="980" ind1=" " ind2=" ">
    <subfield code="a">NB</subfield>
  </datafield>
</record>
